000 00862nam a22002537a 4500
003 OSt
005 20250822014648.0
008 250822b |||||||| |||| 00| 0 eng d
020 _a978-1-032-19930-6
040 _aDWC-Main Lib
_cOC
082 _aCirc, 302.14 E19 2023
100 _aArcher, Coreene
245 _aThe ecosystem of group relations :
_bculture, gender, identity in groups and organizations/
_cCoreene Archer [and three others]
260 _aNew York :
_bRoutledge,
_cc2023.
300 _axiii, 204 pages :
_billustrations ;
_c23cm.
504 _aIncludes bibliographical references and index.
650 _a1. Group identity.
650 _a2. Group relations trainings.
650 _a3. Interpersonal relations.
700 _aKelly, Rachel
700 _aTriest, Joseph
700 _aStrauss, Gordon
942 _2ddc
_cBK-CIRC
_kCirc.
_n0
999 _c4134
_d4134